Les tomes de la saga de livres Le Monde de Narnia - Statistiques

Statistiques générales
  • Ce quiz a été pris 53 fois
  • Le résultat moyen est 5 sur 7
Statistiques - réponses
Numéros de tomes Nom du tome % Correct
4 Le Prince Caspian
93%
5 L'Odyssée du Passeur d'Aurore
83%
2 Le Lion, la Sorcière blanche et l'Armoire magique
72%
1 Le Neveu du magicien
72%
7 La Dernière Bataille
61%
6 Le Fauteuil d'argent
52%
3 Le Cheval et son écuyer
43%
Aucun quiz correspondant
Distribution des résultats
% des personnes avec chaque résultat
Percentile par nombre de réponses
Votre historique - résultats
Vous n’avez pas pris ce quiz